00345nam a2200133Ia 4500008004100000041000800041082001500049100001400064245004500078250001500123260004800138300001400186365001100200240624s9999 xx 000 0 und d aeng a346.07 GHO aGHOSH K M aCOMPANY LAW WITH SECRETARIAL PRACTICES I a(14th ed.) c2012aNew DelhibBharat Law House Pvt. Ltd. a3772 : p. cRSb15